000 00624nam a2200217Ia 4500
001 17913
003 GE_BSU
008 181216s||||||||xx |||||||||||||| ||und||
040 _cGE_BSU
080 _a621.31(479.22)
100 _aЧоговадзе,Г.И.
245 _aГидроэлектростанции Грузии.
245 _cРед. О.А.Прудовская.
260 _aМ.
260 _bЭнергия.
260 _c1971.
300 _a270 стр. с илл. 22 см.
300 _eБиблиогр.: стр. 252-254.
653 _aГидроэлектростанции Грузии.
942 _cBK
999 _c50956
_d50956